Normal view
MARC view
- Usama Hameed Umer Bukhari Hassan Tariq Mohsin Ali
Entry Personal Name
001 - CONTROL NUMBER
- control field: 119629
003 - CONTROL NUMBER IDENTIFIER
- control field: NUST
005 - DATE AND TIME OF LATEST TRANSACTION
- control field: 20231211124912.0
008 - FIXED-LENGTH DATA ELEMENTS
- fixed length control field: 231211|| aca||aabn | a|a d
040 ## - CATALOGING SOURCE
- Original cataloging agency: NUST
- Transcribing agency: NUST
100 ## - HEADING--PERSONAL NAME
- Personal name: Usama Hameed Umer Bukhari Hassan Tariq Mohsin Ali
670 ## - SOURCE DATA FOUND
- Source citation: Work cat.: (NUST): Usama Hameed Umer Bukhari Hassan Tariq Mohsin Ali, PR-SOF-2265-GNSS Anti Spoofing Using Gnss SDR, 2023.
